00823nam a2200277Ia 450000500170000000800410001702000180005804000180007604100080009408200210010210000160012324500460013925000120018526000380019730000300023565000170026565000230028265000320030565000330033765000410037065000300041165000310044165000310047265000230050365000190052620230517111749.0210716s2013 xx 000 0 und d a9788174464736 cAIMIT LIBRARY aeng a343.07 21bBANC aBansal,C L. aBusiness and corporate laws /cC L Bansal a1st ed. aNew Delhi :bExcel Books ,c2013. avii ;835p. :bPB :c24 cm aBusiness Law aContract Act. 1872 aThe Sale of Goods Act. 1930 aIndian Partnership Act, 1932 aThe Negotiable Instruments Act. 1881 aIndian Companies Act 1956 aThe Consumer Property Laws aIntellectual Property Laws aCopyright Act 1957 aTrade Mark Law